000 00623cam a22002173a 4500
001 41370
003 PGUSA
005 20140828083930.0
008 121116s2012||||xxu|||||s|||||000 | eng d
040 _aPGUSA
_beng
042 _adc
100 1 _aArnold, Hugh
245 1 0 _aStained Glass of the Middle Ages in England and France
_h[electronic resource] /
_cHugh Arnold
260 _bProject Gutenberg,
_c2012
506 _aPublic domain in the USA.
516 _aElectronic text
700 1 _aSaint, Lawrence B.
830 0 _aProject Gutenberg
_v41370
856 4 0 _uhttp://www.gutenberg.org/ebooks/41370
942 _cEB
999 _c270622
_d270622